La ley : representaciones audiovisuales, literarias y simbólicas /

שמור ב:
מידע ביבליוגרפי
מחברים אחרים: Díaz Lucena, Antonio (Editor), Sanz Diez, María (editora.)
פורמט: ספר אלקטרוני
שפה:ספרדית
יצא לאור: Madrid : Dykinson, 2025.
סדרה:Conocimiento Contemporáneo ; 239.
נושאים:
גישה מקוונת:https://elibro.unach.elogim.com/es/lc/unach/titulos/285893
תגים: הוספת תג
אין תגיות, היה/י הראשונ/ה לתייג את הרשומה!

MARC

LEADER 00000nam a2200000 i 4500
001 ELB285893
003 FINmELB
005 20250825120000.0
006 m o d |
007 cr cnu||||||||
008 250825s2025 sp o 001 0 spa d
020 |a 9791370061265  |q (e-book) 
035 |a (OCoLC)1538593935 
040 |a FINmELB  |b spa  |e rda  |c FINmELB 
050 4 |a K487.C8  |b L681 2025 
080 |a 340.1 
082 1 |a 340.1  |2 23 
245 0 3 |a La ley :  |b representaciones audiovisuales, literarias y simbólicas /  |c Antonio Díaz Lucena, María Sanz Diez (editores) ; Lorenzo J. Torres Hortelano, José Díaz-Cuesta, Alicia Muro, Jorge Camón Pascual, José Luís López Calle, Luisa Moreno Cardenal, David Carabias Galindo, Julio César Goyes Narváez, Estrella Pulido Escribano, Flavia Garrigós Cabañero, Julio García Cedrón, María Sanz Díez. 
264 1 |a Madrid :  |b Dykinson,  |c 2025. 
300 |a 1 recurso en línea (208 páginas) 
336 |a texto  |b txt  |2 rdacontent/spa 
337 |a computadora  |b c  |2 rdamedia/spa 
338 |a recurso en línea  |b cr  |2 rdacarrier/spa 
490 1 |a Conocimiento Contemporáneo ;  |v 239 
500 |a Incluye índice. 
588 |a Descripción basada en metadatos suministrados por el editor y otras fuentes. 
590 |a Recurso electrónico. Santa Fe, Arg.: elibro, 2025. Disponible vía World Wide Web. El acceso puede estar limitado para las bibliotecas afiliadas a elibro. 
650 4 |a Ley en la literatura. 
650 4 |a Ley en el cine. 
650 4 |a Derecho y cultura. 
655 4 |a Libros electrónicos. 
700 1 |a Díaz Lucena, Antonio,  |e editor. 
700 1 |a Sanz Diez, María,  |e editora. 
797 2 |a elibro, Corp. 
830 0 |a Conocimiento Contemporáneo ;  |v 239. 
856 4 0 |u https://elibro.unach.elogim.com/es/lc/unach/titulos/285893